Tutoría y orientación
Kaydedildi:
| Asıl Yazarlar: | , , |
|---|---|
| Materyal Türü: | Kitap |
| Dil: | İspanyolca |
| Baskı/Yayın Bilgisi: |
Barcelona
Cedecs
1996
|
| Seri Bilgileri: | Psicopedagogía
|
| Konular: | |
| Etiketler: |
Etiketle
Etiket eklenmemiş, İlk siz ekleyin!
|
MARC
| LEADER | 00000nam a2200000 a 4500 | ||
|---|---|---|---|
| 001 | UCI1415 | ||
| 003 | CL-VaPUC | ||
| 008 | 070629e19960000SP |||||||||||||||||spa|d | ||
| 020 | |a 8489171092 | ||
| 082 | 0 | 4 | |a 371.42 |b SAN |2 21 |
| 100 | 0 | |a Sanz Oro, Rafael |e author |9 521915 | |
| 700 | 0 | |a Castellano Moreno, Francisca |e author |9 521916 | |
| 700 | 0 | |a Delgado Sánchez, José Antonio |e author |9 521917 | |
| 245 | 1 | 0 | |a Tutoría y orientación |
| 300 | |a 220 p | ||
| 942 | |c BK | ||
| 945 | |d 20070629 00:00:00 |a jtorresc | ||
| 260 | |a Barcelona |b Cedecs |c 1996 | ||
| 650 | 7 | |a TUTORIA |2 CL-VaPUC |9 335054 | |
| 650 | 0 | |a Métodos de enseñanza |9 270413 | |
| 650 | 7 | |a ENSEÑANZA INDIVIDUALIZADA |2 CL-VaPUC |9 307241 | |
| 650 | 7 | |a ORIENTACION EDUCACIONAL |2 CL-VaPUC |9 312512 | |
| 583 | |a last modification |c 20070629 00:00:00 |k Rodrigo Vera | ||
| 490 | 0 | |a Psicopedagogía | |
| 999 | |c 326238 |d 326236 | ||
| 952 | |0 0 |1 0 |4 0 |6 371_420000000000000_SAN_1996 |7 0 |8 A |9 408022 |a BIBEDU |b BIBEDU |d 2019-11-22 |i 4351762 |o 371.42 SAN 1996 |p 4351762 |r 2019-11-22 |w 2019-11-22 |y BK |k EPE | ||